История на Австрия (Запис номер 79044)
[ съкратено ]
| 000 -Лидер | |
|---|---|
| Контролно поле с фиксирана дължина | 01853nam a2200457 c 4500 |
| 003 - Код на организацията, давaща контролен номер | |
| Контролно поле | BLK |
| 005 - Дата и час на последна редакция | |
| Контролно поле | 20231215165845.0 |
| 008 - Елементи от данни с фиксирана дължина | |
| fixed length control field | 180408b bul|||||r ||||||| ||bul|| |
| 010 ## - Наследен системен номер | |
| LC control number | KNG00083516000 |
| 020 ## - Международен стандартен номер на книга ISBN | |
| Международен стандартен номер на книга ISBN | 978-954-320-157-0 |
| -- | издат.: Рива |
| 040 ## - Източник на каталожния запис | |
| Идентификатор на билиотеката - собственик на записа | BLK |
| 041 ## - Код за език | |
| Код за езика на текст/звукозапис или на отделно заглавие | Български |
| Код за езика КДБФ | Български |
| 080 ## - УДК | |
| Текстов определител УДК | История на Австрия и Австро-Унгария |
| УДК код - определител по УДК | 943.6 |
| УДК определител | |
| УДК - код + определител | 943.6 |
| 080 ## - УДК | |
| Текстов определител УДК | Политика. Вж и 341 ; 342 |
| УДК код - определител по УДК | 32 |
| УДК определител | (436)(091) |
| УДК - код + определител | 32(436)(091) |
| 100 1# - Редна дума - Автор | |
| Автор | Воцелка, Карл |
| Авторска отговорност | първи автор |
| R(LIN) | 49374 |
| 139 ## - Редно поле | |
| Редна дума | Воцелка, Карл |
| Авторски знак | Вор - В 84 |
| 245 10 - Сведения за заглавието | |
| Заглавие | История на Австрия |
| Подзаглавни данни | Култура, общество, политика |
| Редно поле (дума) | Карл Воцелка; прев. от нем. Фросина Парашкевова; прев. от нем. Борис Парашкевов. |
| 257 ## - Страна на издаване | |
| Страна на създаване/издаване | Австрия |
| 260 ## - Област на издателските данни | |
| -- | София |
| Име на издателя, разпространителя и проч. | Рива |
| Година на издаване | 2008 |
| Печатница | В. Търново : Абагар |
| 300 ## - Физическа характеристика | |
| Страници | 376 с. |
| Илюстрации и др. | с ил., к., табл. |
| Размери/Мащаб | 23 см |
| 380 ## - Жанр | |
| Жанр | История |
| 500 ## - Общи забележки | |
| Забележка | Ориг. загл. Geschichte Osterreichs / Karl Vocelka. - Офс. изд. |
| 590 ## - Забележки на библиотеката, притежаваща документа (RLIN) | |
| Служебно | ф |
| 650 #4 - Допълнително описание по предмет – тема | |
| Основно описание – тема или топоним | Австрия - история |
| 9 (RLIN) | 266207 |
| 650 #4 - Допълнително описание по предмет – тема | |
| Основно описание – тема или топоним | Австрия - политика |
| 9 (RLIN) | 282774 |
| 651 #4 - Допълнително описание по предмет - топоним | |
| Географско понятие | Австрия |
| 9 (RLIN) | 245450 |
| 651 #4 - Допълнително описание по предмет - топоним | |
| Географско понятие | Австро-Унгария |
| 9 (RLIN) | 178510 |
| 653 ## - Ключова дума – ненормативна | |
| Ключова дума | Австрия |
| 653 ## - Ключова дума – ненормативна | |
| Ключова дума | история |
| 653 ## - Ключова дума – ненормативна | |
| Ключова дума | общество |
| 653 ## - Ключова дума – ненормативна | |
| Ключова дума | култура |
| 653 ## - Ключова дума – ненормативна | |
| Ключова дума | политика |
| 700 1# - Други автори (авторска отговорност) | |
| Лично име | Парашкевова, Фросина |
| Автороска отговорност (Описва отношението между автора и произведението) | прев. от нем. |
| 9 (RLIN) | 371810 |
| 700 1# - Други автори (авторска отговорност) | |
| Лично име | Парашкевов, Борис |
| Автороска отговорност (Описва отношението между автора и произведението) | прев. от нем. |
| 9 (RLIN) | 368147 |
| 852 ## - Местоположение | |
| Форматна сигнатура | Цб 239862 |
| 856 4# - Електронен адрес и достъп | |
| Електронен формат | pdf - файл |
| Път до файла /url/ | |
| 856 4# - Електронен адрес и достъп | |
| Електронен формат | pdf - файл |
| Път до файла /url/ | |
| 942 ## - АРТИКУЛИ | |
| Вид на библиотечния материал | Книги |
| Скрит в OPAC | Не |
| Koha issues (borrowed), all copies | 8 |
| 944 ## - СЪЗДАВАНЕ И РЕДАКЦИЯ на ЗАПИСА | |
| Създаване/Редакция | Създаване |
| Дата на регистрацията/редакция | 24.04.2008 |
| Служител, извършил регистрацията/редакцията | 30531 |
| Статус, дата на статуса | Цветелина Шанова |
| 944 ## - СЪЗДАВАНЕ И РЕДАКЦИЯ на ЗАПИСА | |
| Създаване/Редакция | Редакция |
| Дата на регистрацията/редакция | 16.05.2011 |
| Служител, извършил регистрацията/редакцията | |
| 999 ## - СИСТЕМНИ КОНТРОЛНИ НОМЕРА | |
| Koha biblionumber | 79044 |
| Koha biblioitemnumber | 79044 |
| Код за отписване | Код за изгубен артикул | Източник на класификационната схема | Код за повреда | Коз за рестрикции | Код за отдаване | Артикулен № | Име на библиотеката - собственик | Име на библиотеката, в която се намира в момента | Статус (Текущо местоположение) | Дата на вписване в системата | Местоположение - отдел | Цена в лева | Инвентарен номер | Систематично азбучна сигнатура | Баркод | Номер на екземпляра | Цена в евро | Служебна бележка | Служебен тип на артикула |
|---|---|---|---|---|---|---|---|---|---|---|---|---|---|---|---|---|---|---|---|
| Не е изгубен | Universal Decimal Classification | Не е повреден | без рестрикции | ползва се в читалня | 127861 | Регионална библиотека "Любен Каравелов" Русе | Регионална библиотека "Любен Каравелов" Русе | Читалня | 2008-04-24 | Читалня | 16.50 | 120000725983 | Ч 93/94/В 84 К | 120000725983 | 1 | 8.44 | Дост: Pk Вид: Ф N: 183 Дата: 24.04.2008 Дата инв: 28.03.2017 Бележки инв: Ч2017 | Книги | |
| Не е изгубен | Universal Decimal Classification | Не е повреден | без рестрикции | заемане за дома | 127862 | Регионална библиотека "Любен Каравелов" Русе | Регионална библиотека "Любен Каравелов" Русе | Заемна - подръчен фонд | 2008-07-21 | Заемна - подръчен фонд | 16.50 | 120000727628 | П 94(4)/В 84 | 120000727628 | 2 | 8.44 | Дост: Pk Вид: Ф N: 6000 Дата: 17.07.2008 Дата инв: 07.02.2018 Бележки инв: П2018 | Книги | |
| Не е изгубен | Universal Decimal Classification | Не е повреден | без рестрикции | заемане за дома | 127863 | Регионална библиотека "Любен Каравелов" Русе | Регионална библиотека "Любен Каравелов" Русе | Заемна - подръчен фонд | 2008-09-29 | Заемна - подръчен фонд | 16.50 | 120000729888 | П 94(4)/В 84 | 120000729888 | 3 | 8.44 | Дост: Pk Вид: Ф N: 8937 Дата: 24.09.2008 Дата инв: 07.02.2018 Бележки инв: П2018 | Книги | |
| Не е изгубен | Universal Decimal Classification | Не е повреден | без рестрикции | заемане за дома | 127864 | Регионална библиотека "Любен Каравелов" Русе | Регионална библиотека "Любен Каравелов" Русе | Заемна - подръчен фонд | 2008-09-29 | Заемна - подръчен фонд | 16.50 | 120000729889 | П 94(4)/В 84 | 120000729889 | 4 | 8.44 | Дост: Pk Вид: Ф N: 8937 Дата: 24.09.2008 Дата инв: 07.02.2018 Бележки инв: П2018 | Книги | |
| Не е изгубен | Не е повреден | без рестрикции | ползва се в читалня | 127865 | Регионална библиотека "Любен Каравелов" Русе | Регионална библиотека "Любен Каравелов" Русе | Хранилище | 2010-11-03 | Хранилище | 16.50 | 120000746967 | Цб 239862 | 120000746967 | 5 | 8.44 | Дост: Dp Вид: Д N: 9 Дата: 17.02.2010 | Книги |